Investigation of control techniques for a free gyro stabilized mirror system /
Saved in:
| 主要作者: | |
|---|---|
| 格式: | Thesis 图书 |
| 语言: | English |
| 出版: |
1997.
|
| 标签: |
添加标签
没有标签, 成为第一个标记此记录!
|
| LEADER | 00706cam a2200205 a 4500 | ||
|---|---|---|---|
| 001 | u452376 | ||
| 003 | SIRSI | ||
| 008 | 000310s1997 si v 00 1 eng m | ||
| 035 | |a ACJ-0685 | ||
| 040 | |a UMM | ||
| 090 | |a TK7 |b NUS 1997 Zha | ||
| 100 | 1 | 0 | |a Zhaq, Qiang. |
| 245 | 1 | 0 | |a Investigation of control techniques for a free gyro stabilized mirror system / |c Zhaq Qiang. |
| 260 | |c 1997. | ||
| 300 | |a xi, 100 leaves : |b ill. ; |c 30 cm. | ||
| 502 | |a Dissertation (M.Eng.) -- National University of Singapore, 1997. | ||
| 504 | |a Bibliography: leaves 85-92. | ||
| 948 | |a 10/03/2000 |b 01/11/2002 | ||
| 596 | |a 1 | ||
| 999 | |a TK7 NUS 1997 ZHA |w LC |c 1 |i A509515751 |l B_KOM4 |m P01UTAMA |r Y |s Y |t TESIS |u 12/11/2002 |o .PUBLIC. BKOM 4 : 45808 | ||
